1821 1403 1032 1003 1481 1503 1367 1985 1902 1025 1075 1703 1219 1922 1653 1757 1616 1212 1658 1968 1487 1853 1765 1957 1082 1729 1105 1412 1942 1644 1160 1067 1560 1425 1496 1357 1863 1838 1047 1294 1776 1288 1455 1206 1035 1992 1250 1972 1339 1028 1789 1820 1597 1278 1451 1775 1596 1108 1764 1448 1164 1995 1499 1225 1363 1674 1640 1803 1150 1881 1654 1829 1719 1300 1252 1281 1187 1832 1241 1524 1311 1756 1691 1188 1640 1443 1725 1544 1209 1925 1593 1878 1482 1466 1766 1328 1188 1028 1643 BCNSPRNW ULIB Ver.6.0+V

เปลี่ยนเป็นภาษาไทย

Change to English
 แสดงรายละเอียดบรรณานุกรม
  กลับหน้าหลัก

Brief Record : Get Marc (ISO 2709) : E-mail record : QR code < ปิดหน้าต่าง
LEADER : 00000nam 2200000uu 4500
001    13399115099
003     ULIB
008    120709s2551||||th 000 0 tha d
020    ^a9789747706598
090    ^aนว.^bล699ค 2551
100 0  ^aลูกชุบ
245 00 ^aคีย์รัก จังหวะหัวใจ เล่ม 1/^cลูกชุบ
250    ^aพิมพ์ครั้งที่ 1
260    ^aกรุงเทพฯ :^bแจ่มใส,^c2551
300    ^a223 หน้า
710 1  ^aแจ่มใส
945    ^p0^l0^i14813
995    ^aกัณชพร
999    ^aใช้งานได้ทุกระบบ
รายการนี้ยังไม่มีแท็ก
คุณยังไม่ได้ล็อกอิน คุณสามารถมีกิจกรรมร่วมกับเว็บไซต์ได้ แต่ต้องล็อกอินก่อน ::
  ล็อกอิน

รายการสื่อสารสนเทศ

ลำดับที่ ประเภท เลขเรียก/บาร์โค้ด สถานที่ สถานะ
1. นวนิยาย
นวนิยาย
นว. ล699ค 2551  
  Barcode: 14813
ห้องสมุดวิทยาเขตสวรรค์ประชารักษ์
►นวนิยาย
บนชั้น
  ขอยืม

รายการใกล้เคียง
    ผู้แต่ง [ลูกชุบ]

BibComment


ยังไม่เคยถูกคอมเมนท์

คอมเมนท์ทรัพยากรรายการนี้
  คอมเมนท์: คีย์รัก จังหวะหั..


 Copyright 2026. Bcnsprnw @Library